| Tag |
First Indicator |
Second Indicator |
Subfields |
| LEADER |
00000cam a2200000 a 4500 |
| 001 |
in00000086018 |
| 005 |
20230714101253.0 |
| 008 |
821218s1980 enka b 100 0 eng |
| 010 |
|
|
|a 81209204
|
| 016 |
7 |
|
|a 014118747
|2 Uk
|
| 019 |
|
|
|a 7084424
|
| 020 |
|
|
|a 0904963217
|q (pbk.)
|
| 020 |
|
|
|a 9780904963212
|q (pbk.)
|
| 029 |
1 |
|
|a AU@
|b 000001883633
|
| 029 |
1 |
|
|a NZ1
|b 2893109
|
| 029 |
1 |
|
|a NZ1
|b 126532
|
| 035 |
|
|
|a (OCoLC)ocm09132304
|
| 035 |
|
|
|a (OCoLC)9132304
|z (OCoLC)7084424
|
| 035 |
|
|
|a (OCoLC)ocm09132304
|
| 040 |
|
|
|a DLC
|b eng
|c DLC
|d OCL
|d NLE
|d CLU
|d OCLCO
|d UKMGB
|d OCLCF
|d OCLCQ
|d OCL
|d UKBTH
|
| 043 |
|
|
|a ew-----
|
| 050 |
0 |
4 |
|a TH7414
|b .E87 1980
|
| 080 |
0 |
|
|a 697.7
|
| 082 |
0 |
|
|a 690/.869/094
|2 19
|
| 082 |
0 |
0 |
|a 697/.78/094
|2 18
|
| 245 |
0 |
0 |
|a European community solar housing :
|b conference (C23) at the Royal Society, July 1980.
|
| 260 |
|
|
|a [London] :
|b UK Section of the International Solar Energy Society,
|c [©1980]
|
| 300 |
|
|
|a 91 pages :
|b illustrations ;
|c 30 cm
|
| 336 |
|
|
|a text
|b txt
|2 rdacontent
|
| 337 |
|
|
|a unmediated
|b n
|2 rdamedia
|
| 338 |
|
|
|a volume
|b nc
|2 rdacarrier
|
| 500 |
|
|
|a Cover title.
|
| 504 |
|
|
|a Includes bibliographical references.
|
| 650 |
|
0 |
|a Solar houses
|z Europe
|v Congresses.
|
| 650 |
|
7 |
|a Solar houses.
|2 fast
|0 (OCoLC)fst01125112
|
| 651 |
|
7 |
|a Europe.
|2 fast
|0 (OCoLC)fst01245064
|
| 655 |
|
7 |
|a Conference papers and proceedings.
|2 fast
|0 (OCoLC)fst01423772
|
| 710 |
2 |
|
|a International Solar Energy Society.
|b UK Section.
|
| 948 |
|
|
|h HELD BY TXA - 29 OTHER HOLDINGS
|
| 994 |
|
|
|a Z0
|b TXA
|
| 999 |
f |
f |
|s 5547a715-a728-3f25-b358-1a75358767a3
|i ddda3767-b501-31d0-9f93-8ff4ac1c65fc
|t 0
|
| 952 |
f |
f |
|p ric
|a Texas A&M University
|b Rellis Campus
|c Joint Library Facility
|s JLF
|d Remote Storage
|t 0
|e TH7413 .E9
|h Library of Congress classification
|i unmediated -- volume
|m A14812145229
|